| 000 | 00427nam a2200145 a 4500 | ||
|---|---|---|---|
| 001 | 5162 | ||
| 003 | CDMR | ||
| 005 | 20130620130528.0 | ||
| 008 | 130130s1996||||||||||||||||||||||||||||d | ||
| 040 |
_aCDMR _bcat _cCDMR |
||
| 245 | 0 | 0 | _aLlibre blanc del patrimoni fotogrà fic a Catalunya |
| 260 |
_aBarcelona _c1996 _bGeneralitat de Catalunya. Departament de Cultura |
||
| 650 |
_93855 _aPatrimoni cultural _zCatalunya |
||
| 942 |
_cMON _2ddc |
||
| 999 |
_c5162 _d5162 |
||